Mots cachés n°30 - Statistiques

Statistiques générales
  • Ce quiz a été pris 200 fois
  • Le résultat moyen est 23 sur 25
Statistiques - réponses
Question Tuile Select % Correct
truie, clone, émir et cet. A Non
99%
truie, clone, émir et cet. G Non
99%
truie, clone, émir et cet. L Non
99%
truie, clone, émir et cet. S Non
99%
truie, clone, émir et cet. S Non
98%
truie, clone, émir et cet. C Oui
96%
truie, clone, émir et cet. O Non
96%
truie, clone, émir et cet. T Oui
96%
truie, clone, émir et cet. I Oui
95%
truie, clone, émir et cet. E Oui
94%
truie, clone, émir et cet. O Non
94%
truie, clone, émir et cet. R Oui
94%
truie, clone, émir et cet. L Oui
93%
truie, clone, émir et cet. M Oui
93%
truie, clone, émir et cet. N Oui
93%
truie, clone, émir et cet. T Oui
93%
truie, clone, émir et cet. E Oui
92%
truie, clone, émir et cet. U Non
92%
truie, clone, émir et cet. E Oui
89%
truie, clone, émir et cet. O Oui
88%
truie, clone, émir et cet. U Non
86%
truie, clone, émir et cet. I Oui
85%
truie, clone, émir et cet. R Non
82%
truie, clone, émir et cet. E Non
81%
truie, clone, émir et cet. U Oui
78%
Aucun quiz correspondant
Distribution des résultats
% des personnes avec chaque résultat
Percentile par nombre de réponses
Votre historique - résultats
Vous n’avez pas pris ce quiz